00830nam a2200229 a 4500003000900000005001700009008004100026040001300067100001900080245005300099250001200152260003400164300001100198500027200209650001700481650001400498650001700512650002200529650002000551650001400571655001500585AR-BaBNM20251128203421.0082120s2002 ||||||||||||||000 | spa|| cAR-BaBNM1 aCasares, Julio00aDiccionario ideológico de la lengua española a2ª ed. aBarcelonabGustavo Gilic1979 a887 p. aEl diccionario consta de 3 partes: I. Parte Sinóptica: con división temática en clases y grupos, II. Parte Analógica: palabras ordenadas alfabéticamente y bajo cada una de ellas grupos de palabras afines, III. Parte Albafética: diccionario de la lengua co 4aDICCIONARIOS 4aESPAÑOL 4aLEXICOGRAFIA 4aLENGUAJE FAMILIAR 4aLENGUAJE FORMAL 4aSEMANTICA aREFERENCIA